Corporate Accounting / (Record no. 2675)

000 -LEADER
fixed length control field 00656nam a2200241Ia 4500
007 - PHYSICAL DESCRIPTION FIXED FIELD--GENERAL INFORMATION
fixed length control field ta
008 - FIXED-LENGTH DATA ELEMENTS--GENERAL INFORMATION
fixed length control field 230222t2021||||ii a|||gd|||||||| ||und||
020 ## - INTERNATIONAL STANDARD BOOK NUMBER
International Standard Book Number 9789351611790
Terms of availability Rs. 650.00
040 ## - CATALOGING SOURCE
Original cataloging agency IMU Kochi Library
Language of cataloging eng
041 0# - LANGUAGE CODE
Language code of text/sound track or separate title eng
044 ## - COUNTRY OF PUBLISHING/PRODUCING ENTITY CODE
MARC country code India
082 04 - DEWEY DECIMAL CLASSIFICATION NUMBER
Classification number 657.8
Item number G9596
Edition number 23
100 1# - MAIN ENTRY--PERSONAL NAME
Personal name Gupta, R. L.
245 10 - TITLE STATEMENT
Title Corporate Accounting /
250 ## - EDITION STATEMENT
Edition statement 14th rev. ed.
260 ## - PUBLICATION, DISTRIBUTION, ETC. (IMPRINT)
Place of publication, distribution, etc New Delhi :
Name of publisher, distributor, etc Sultan Chand and Sons,
Date of publication, distribution, etc 2021
300 ## - PHYSICAL DESCRIPTION
Extent xvi, various paginations
Other physical details :
Dimensions ; 24 cm.
650 #0 - SUBJECT ADDED ENTRY--TOPICAL TERM
Topical term or geographic name as entry element Corporations
General subdivision Accounting
Form subdivision Textbooks
700 1# - ADDED ENTRY--PERSONAL NAME
Personal name Radhaswamy, M.
Relator term Joint Author
852 ## - LOCATION/CALL NUMBER
Location IMU Kochi Library
904 ## - LOCAL DATA ELEMENT D, LDD (RLIN)
CATALOGER Akhil Bose
942 ## - ADDED ENTRY ELEMENTS (KOHA)
Item type Books
Holdings
Withdrawn status Lost status Source of classification or shelving scheme Damaged status Not for loan Collection code Permanent location Current location Shelving location Date acquired Source of acquisition Cost, normal purchase price Full call number Barcode Date last seen Koha item type Public note Total Checkouts Date last borrowed
          Management Studies IMU Kochi Library IMU Kochi Library General Stacks 2023-02-22 M/S T V Enterprises (Inv. No. 598/22-23 Dt. 2023-01-16) 650.00 657.8 G9596 BK006014 2023-03-27 Books Gen. Shelf-20, Row-4    
          Management Studies IMU Kochi Library IMU Kochi Library General Stacks 2023-02-22 M/S T V Enterprises (Inv. No. 598/22-23 Dt. 2023-01-16) 650.00 657.8 G9596 BK006015 2023-03-27 Books Gen. Shelf-20, Row-4    
          Management Studies IMU Kochi Library IMU Kochi Library General Stacks 2023-02-22 M/S T V Enterprises (Inv. No. 598/22-23 Dt. 2023-01-16) 650.00 657.8 G9596 BK006016 2023-10-12 Books Gen. Shelf-20, Row-4 1 2023-10-12
          Management Studies IMU Kochi Library IMU Kochi Library General Stacks 2023-02-22 M/S T V Enterprises (Inv. No. 598/22-23 Dt. 2023-01-16) 650.00 657.8 G9596 BK006017 2023-03-27 Books Gen. Shelf-20, Row-4    


Copyright © All Rights Reserved by Indian Maritime University, Kochi Campus.
For any Suggestions/Query Contact to library or Email: library.kochi@imu.ac.in Ph:(0484)-2989402
(Web OPAC Designed by Rudra Ranjan. Maintained by IMU Kochi Library)

Powered by Koha